Statistics for Harry Potter Trivia - Book 2

Click here to take the quiz!

General Stats

  • This quiz has been taken 9 times
  • The average score is 3 of 6

Answer Stats

QuestionAnswer% Correct
What class did Dumbledore teach before he became headmaster?Transfiguration
88%
What is Gilderoy Lockhart's favorite color?Lilac
75%
What cry is fatal to a Basilisk?The Crow of a Rooster
75%
What book did Ron get Harry for Christmas?Flying with the Cannons
38%
What color did the Polyjuice Potion turn when Ron added Crabbe's hair? (be specific)Murky Brown
25%
What color was the Weasley's car?Turquiose
25%

Score Distribution

Percentile by Number Answered

Percent of People with Each Score

Your Score History

You have not taken this quiz